Страницы истории Выборгской стороны (Запись № 11017350)

Подробности
000 -МАРКЕР
контрольное поле 01803nam0a2200289 i 4500
001 - ИДЕНТИФИКАТОР ЗАПИСИ
контрольное поле RU\NLR\BIBL_A\011926899
005 - ИДЕНТИФИКАТОР ВЕРСИИ
контрольное поле 20260407115638.0
035 ## - ДРУГИЕ СИСТЕМНЫЕ НОМЕРА
Идентификатор записи (NLR Aleph) 011926899
100 ## - ДАННЫЕ ОБЩЕЙ ОБРАБОТКИ
Данные общей обработки 20190204d2017 k y0rusy50 ca
101 0# - ЯЗЫК РЕСУРСА
Язык текста, звукозаписи и т.д. русский
102 ## - СТРАНА ПУБЛИКАЦИИ ИЛИ ПРОИЗВОДСТВА
Страна публикации Российская Федерация
105 ## - ПОЛЕ КОДИРОВАННЫХ ДАННЫХ: ТЕКСТОВЫЕ МАТЕРИАЛЫ, МОНОГРАФИЧЕСКИЕ
Кодированные данные о монографическом текстовом документе a z 100zy
200 1# - ЗАГЛАВИЕ И СВЕДЕНИЯ ОБ ОТВЕТСТВЕННОСТИ
Основное заглавие Страницы истории Выборгской стороны
Сведения, относящиеся к заглавию материалы научно-практической конференции, 05 октября 2017 год
Первые сведения об ответственности Комитет по культуре Санкт-Петербурга, СПб ГБУК "Санкт-Петербургский музей Хлеба"
Последующие сведения об ответственности [редакционная коллегия: Яковлева М.Д. и др.]
210 ## - ПУБЛИКАЦИЯ, РАСПРОСТРАНЕНИЕ И ДР.
Место издания, распространения и т.д. Санкт-Петербург
Имя издателя, распространителя и т. д. [б. и.]
Дата издания, распространения и т.д. 2017
215 ## - ФИЗИЧЕСКАЯ ХАРАКТЕРИСТИКА
Специфическое обозначение материала и объем 119 с.
Другие сведения о физической характеристике ил.
Размеры 21
320 ## - ПРИМЕЧАНИЯ О НАЛИЧИИ В ДОКУМЕНТЕ БИБЛИОГРАФИИ / УКАЗАТЕЛЯ
Текст примечания Библиогр. в подстроч. примеч.
607 ## - ГЕОГРАФИЧЕСКОЕ НАИМЕНОВАНИЕ КАК ПРЕДМЕТ
Географическое наименование Выборгский район (Санкт-Петербург, город)
Формальный подзаголовок Съезды, совещания и т.п
Тематический подзаголовок История
Системный номер авторитетной/нормативной записи 2203007
Идентификатор авторитетной/нормативной записи RU\NLR\AUTH\661323740
686 1# - ИНДЕКСЫ ДРУГИХ КЛАССИФИКАЦИЙ
Индекс Т3(2-2СПб)я431
702 #1 - ИМЯ ЛИЦА - ВТОРИЧНАЯ ОТВЕТСТВЕННОСТЬ
Код отношения Редактор
Графика поля Кириллица
Материалы, к которым относится поле rus
Начальный элемент ввода Яковлева
Часть имени, кроме начального элемента ввода М. Д.
Дополнения к именам, кроме дат специалист музейного дела, краевед
Расширение инициалов личного имени Марина Дмитриевна
Системный номер авторитетной/нормативной записи 200837
Идентификатор авторитетной/нормативной записи RU\NLR\AUTH\770200888
711 12 - НАИМЕНОВАНИЕ ОРГАНИЗАЦИИ - АЛЬТЕРНАТИВНАЯ ОТВЕТСТВЕННОСТЬ
Начальный элемент ввода "Страницы истории Выборгской стороны", научно-практическая конференция
Место проведения временной организации Санкт-Петербург
Дата проведения временной организации 2017
Системный номер авторитетной/нормативной записи 647967
Идентификатор авторитетной/нормативной записи RU\NLR\AUTH\880494035
712 02 - НАИМЕНОВАНИЕ ОРГАНИЗАЦИИ - ВТОРИЧНАЯ ОТВЕТСТВЕННОСТЬ
Код отношения Прочие
Начальный элемент ввода Санкт-Петербургский музей хлеба
Идентификатор авторитетной/нормативной записи RU\NLR\AUTH\8810067909
Системный номер авторитетной/нормативной записи 637438
942 ## - ДОПОЛНИТЕЛЬНЫЕ ЭЛЕМЕНТЫ ЗАПИСИ (АБИС)
Тип экземпляра АБИС Книга
980 ## - КОЛЛЕКЦИЯ
Название коллекции НБР

Нет доступных экземпляров.